[Event "Sydney Int Open"]
[Site "Parramatta AUS"]
[Date "2010.04.10"]
[Round "7"]
[White "Ikeda,J"]
[Black "Smerdon,D"]
[Result "0-1"]
[WhiteElo "2302"]
[BlackElo "2530"]

1.Nf3 d5 2.c4 e6 3.d4 Nf6 4.Nc3 Bb4 5.Qa4+ Nc6 6.e3 O-O 7.Bd3 Re8 8.Bd2 Bf8
9.a3 e5 10.cxd5 Nxd5 11.Nxd5 Qxd5 12.Bc4 Qd7 13.Ng5 Nd8 14.Qc2 Qf5 15.e4 exd4
16.O-O Qg6 17.f4 h6 18.f5 Qb6 19.Qa4 Re5 20.Nf3 Rxe4 21.Bd3 Re7 22.Rac1 Bd7
23.Qc2 Bb5 24.f6 Rd7 25.fxg7 Bxg7 26.Rce1 Nc6 27.Kh1 Qa6 28.Bh7+ Kh8 29.Qf5 Ne7
30.Qh5 Bxf1 31.Ne5 Kxh7 32.Nxd7 Bxg2+ 33.Kg1 Rg8 34.Qxf7 Bd5 35.Qh5 Bf6+  0-1

[Event "FSGM April"]
[Site "Budapest HUN"]
[Date "2010.04.11"]
[Round "9"]
[White "Baramidze,D"]
[Black "Berczes,D"]
[Result "0-1"]
[WhiteElo "2528"]
[BlackElo "2510"]

1.Nf3 d5 2.c4 d4 3.e3 Nc6 4.d3 e5 5.Be2 Bb4+ 6.Nbd2 dxe3 7.fxe3 e4 8.dxe4 Nf6
9.a3 Bxd2+ 10.Nxd2 Qe7 11.Qc2 O-O 12.O-O Re8 13.Bf3 Ng4 14.Bxg4 Bxg4 15.b3 Rad8
16.Bb2 Qd6 17.Qc3 f6 18.Rf2 Qd3 19.Rc1 Qxc3 20.Bxc3 Rd3 21.Rf4 Bh5 22.Kf2 Red8
23.g4 Bg6 24.Ke2 Ne5 25.Rc2 c5 26.h3 b6 27.Rf1 Nf7 28.Rf4 Ng5 29.h4 Ne6 30.h5 Nxf4+
31.exf4 Be8 32.h6 Rg3 33.hxg7 Rxg4 34.Bxf6 Rd7 35.Be5 Rg2+ 36.Kd1 Bh5+ 37.Kc1 Rg1+
38.Kb2 Bd1  0-1

[Event "IV Open"]
[Site "La Laguna ESP"]
[Date "2010.04.11"]
[Round "9"]
[White "Villavicencio Martinez,C"]
[Black "Tatai,S"]
[Result "0-1"]
[WhiteElo "2119"]
[BlackElo "2356"]

1.Nf3 d5 2.c4 c6 3.g3 Nf6 4.Bg2 Bf5 5.O-O e6 6.b3 h6 7.Bb2 Nbd7 8.d3 Be7
9.Nbd2 O-O 10.Qc2 a5 11.a3 Qb8 12.Rac1 Rc8 13.Qb1 Ne8 14.cxd5 cxd5 15.e4 dxe4
16.dxe4 Bh7 17.Qa1 Rxc1 18.Rxc1 Nc5 19.Ne5 f6 20.Bd4 Qd8 21.Bxc5 Bxc5 22.Rxc5 Qxd2
23.Nc4 Qd3 24.e5 Rd8 25.Bxb7 Qxb3 26.Qb2 Qxb2 27.Nxb2 Rb8 28.Bc6 Nc7 29.Nc4 Bd3
30.Nxa5 Rb1+ 31.Kg2 Nb5 32.Bxb5 Bxb5 33.Nc4 Ba6 34.Rc6 Bb7 35.Na5 Bxc6+ 36.Nxc6 f5
37.h4 Kf7 38.h5 Ra1 39.Nd4 Rxa3 40.f4 Ra2+ 41.Kh3 Rf2 42.Nb5 Ke7 43.Nd6 Kd7
44.Nf7 Kc6 45.Nd6 Kd5 46.Ne8 Rc2 47.Nd6 Kd4 48.Ne8 Ke3 49.Nxg7 Kf2 50.g4 Rc3+
51.Kh4 Rc1 52.gxf5 Kf3  0-1

[Event "XXVIII Open A"]
[Site "Metz FRA"]
[Date "2010.04.12"]
[Round "4"]
[White "Burmakin,V"]
[Black "Fargere,Fr"]
[Result "1-0"]
[WhiteElo "2604"]
[BlackElo "2478"]

1.Nf3 d5 2.c4 c6 3.e3 Nf6 4.d4 Bf5 5.Nc3 e6 6.Nh4 Be4 7.f3 Bg6 8.Qb3 Qb6
9.Nxg6 hxg6 10.Bd2 Nbd7 11.O-O-O Qxb3 12.axb3 Bd6 13.h3 Nh5 14.Bd3 Ng3 15.Rhe1 Nf5
16.Bxf5 gxf5 17.e4 fxe4 18.fxe4 dxc4 19.e5 Bb4 20.bxc4 Nb6 21.b3 Rd8 22.Re4 Bxc3
23.Bxc3 Nc8 24.Rg4 Rh7 25.Kc2 Ne7 26.Be1 g6 27.Bh4 Rd7 28.Bg5 Kd8 29.Ra1 a6
30.Kc3 Kc7 31.h4 c5 32.dxc5 Nc6 33.Re4 a5 34.Bf6 b6 35.cxb6+ Kxb6 36.g4 Nb4
37.c5+ Kc6 38.Rxb4 axb4+ 39.Kc4 g5 40.h5 Rd5 41.Ra6+  1-0

[Event "XXVIII Open A"]
[Site "Metz FRA"]
[Date "2010.04.14"]
[Round "7"]
[White "Burmakin,V"]
[Black "Corrales Jimenez,F"]
[Result "1-0"]
[WhiteElo "2604"]
[BlackElo "2585"]

1.Nf3 d5 2.c4 c6 3.b3 Nf6 4.Bb2 Bf5 5.e3 e6 6.Be2 Nbd7 7.O-O h6 8.d4 Be7
9.Nc3 O-O 10.Bd3 Bxd3 11.Qxd3 Bb4 12.Rfd1 a6 13.a3 Bxc3 14.Bxc3 Ne4 15.Be1 f5
16.a4 Qf6 17.Nd2 Rae8 18.Nf1 Qg6 19.Rac1 Rf7 20.f3 Nef6 21.Kh1 Qh7 22.cxd5 exd5
23.Ng3 g6 24.Bb4 Re6 25.Kg1 Kg7 26.Re1 Qg8 27.Re2 Qd8 28.Rce1 Qc7 29.Ba3 Qd8
30.Qd2 Qb6 31.Qc2 Qa7 32.Nh1 Qb6 33.Nf2 Qd8 34.Nd3 Nh5 35.Nf4 Nxf4 36.exf4 Rxe2
37.Qxe2 Qc7 38.Qe3 b5 39.axb5 cxb5 40.Rc1 Qb8 41.Bb4 Qb6 42.Rc8 Nf6 43.Qe5 a5
44.Bc5 Qa6 45.Re8 a4 46.Re6 Qc8 47.bxa4 bxa4 48.Be7 a3 49.Bxf6+ Kh7 50.Re8 Qc1+
51.Kf2 Qc2+ 52.Kg3 g5 53.Re7 gxf4+ 54.Kh3  1-0

[Event "7th Balagne Open"]
[Site "Calvi FRA"]
[Date "2010.04.25"]
[Round "1"]
[White "Mirzoev,A"]
[Black "Utrera,L"]
[Result "1-0"]
[WhiteElo "2565"]
[BlackElo "1882"]

1.Nf3 d5 2.c4 c6 3.b3 Nf6 4.Bb2 e6 5.g3 Bd6 6.Bg2 Nbd7 7.O-O O-O 8.d4 Ne4
9.Nbd2 f5 10.e3 Qf6 11.a4 a5 12.Ba3 Bxa3 13.Rxa3 Qe7 14.Ra1 g5 15.Qc2 g4
16.Ne1 Qb4 17.Nb1 Qe7 18.Nd3 Ng5 19.Nd2 e5 20.cxd5 e4 21.Nf4 Nf3+ 22.Bxf3 gxf3
23.dxc6 bxc6 24.Qxc6 Ra6 25.Qc7 Qg5 26.Rfc1 Rh6 27.Rc6 Nf6 28.Nf1 Qg4 29.Rac1 Nd5
30.Nxd5 Rxc6 31.Rxc6 f4 32.Nf6+ Rxf6 33.Qxc8+  1-0

[Event "TCh-SUI 2010"]
[Site "Switzerland SUI"]
[Date "2010.04.25"]
[Round "3.4"]
[White "Sutter,O"]
[Black "Kaenel,H"]
[Result "1/2-1/2"]
[WhiteElo "2368"]
[BlackElo "2332"]

1.Nf3 d5 2.c4 dxc4 3.Qa4+ Nd7 4.g3 a6 5.Qxc4 b5 6.Qc2 Bb7 7.Bg2 Ngf6 8.O-O e6
9.a4 c5 10.axb5 axb5 11.Rxa8 Qxa8 12.b3 Be7 13.Bb2 O-O 14.Nc3 Bc6 15.Ra1 Qb7
16.Ne1 Rc8  1/2-1/2

[Event "7th Balagne Open"]
[Site "Calvi FRA"]
[Date "2010.04.30"]
[Round "8"]
[White "Malaniuk,V"]
[Black "Das,Arg"]
[Result "1/2-1/2"]
[WhiteElo "2582"]
[BlackElo "2419"]

1.Nf3 d5 2.c4 e6 3.b3 d4 4.g3 c5 5.d3 Nc6 6.Bg2 Bd6 7.O-O Nge7 8.e3 Nf5 9.exd4 Nfxd4
10.Nxd4 Nxd4 11.Nc3 O-O 12.Rb1 Rb8 13.Be3 Nf5 14.d4 cxd4 15.Bxd4 a6 16.Ne4 Nxd4
17.Qxd4 Bc7 18.Qxd8 Rxd8 19.Rbd1 Rxd1 20.Rxd1 Kf8 21.Nd6 b6 22.Rd2 Bxd6 23.Rxd6 Ke7
24.Rc6 Kd8 25.f4 Bd7 26.Rd6 Kc7 27.Rd2 Bc6 28.Bxc6 Kxc6 29.Kf2 Re8 30.Ke3 e5
31.fxe5 Rxe5+ 32.Kd4 Re1 33.Rf2 f6 34.Kc3 Re3+ 35.Kd4 Re1 36.Kc3 Re3+ 37.Kd4 Re1  1/2-1/2

[Event "42nd TCh-ITA Masters"]
[Site "Arvier ITA"]
[Date "2010.05.02"]
[Round "7"]
[White "Mantovani,R"]
[Black "Garcia Palermo,C"]
[Result "1/2-1/2"]
[WhiteElo "2338"]
[BlackElo "2440"]

1.Nf3 d5 2.c4 e6 3.d4 Nf6 4.Nc3 Be7 5.cxd5 exd5 6.Bf4 c6 7.e3 Bf5 8.Bd3 Bg6
9.Ne5 Nbd7 10.Nxg6 hxg6 11.h3 Nf8 12.Qc2 Bd6 13.Bxd6 Qxd6 14.Rb1 g5 15.Kd2 N8d7
16.Rbe1 Kf8 17.Kc1 g6 18.Kb1 Re8 19.Qb3 Kg7 20.Rc1 b6 21.Be2 Qe6 22.Ka1 g4
23.hxg4 Rxh1 24.Rxh1 Nxg4 25.Nd1 Ndf6 26.Bf3 c5 27.dxc5 bxc5 28.Qc3 Ne5 29.Qc1 Nxf3
30.gxf3 Qd6 31.Nc3 Rh8  1/2-1/2

[Event "Heroes Day Cup Masters"]
[Site "Bridgetown BAR"]
[Date "2010.05.02"]
[Round "9"]
[White "Rowe,D"]
[Black "Warner,De"]
[Result "0-1"]
[WhiteElo "2194"]
[BlackElo "2216"]

1.Nf3 d5 2.c4 c6 3.e3 Nf6 4.Nc3 a6 5.b3 g6 6.Bb2 Bg7 7.Rc1 O-O 8.d4 b5 9.Bd3 Bg4
10.h3 Bxf3 11.Qxf3 dxc4 12.bxc4 b4 13.Nd1 e5 14.Bb1 Nfd7 15.g4 exd4 16.exd4 Re8+
17.Ne3 Nc5 18.O-O Ra7 19.Rcd1 Ne6 20.Nc2 a5 21.Rfe1 Rd7 22.a3 c5 23.axb4 axb4
24.Ba1 Nxd4 25.Rxe8+ Qxe8 26.Nxd4 Bxd4 27.Be4 Bxa1 28.Rxa1 Re7 29.Bd5 Re1+
30.Rxe1 Qxe1+ 31.Kg2 Qe7 32.Qb3 Nd7 33.f4 Qe2+ 34.Kg3 Qe1+ 35.Kg2 Qd2+ 36.Kg3 Qc3+
37.Qxc3 bxc3 38.Be4 Nb6 39.Kf2 Nxc4 40.Ke2 Nb2 41.g5 h6 42.h4 hxg5 43.hxg5 Kf8
44.Bd5 c2  0-1

[Event "ch-UKR"]
[Site "Alushta UKR"]
[Date "2010.05.03"]
[Round "1"]
[White "Zaichuk,V"]
[Black "Volovikov,An"]
[Result "0-1"]
[WhiteElo "2007"]
[BlackElo "2314"]

1.Nf3 d5 2.c4 c6 3.g3 Nf6 4.Bg2 Bf5 5.b3 e6 6.Bb2 Bd6 7.O-O O-O 8.d3 Nbd7
9.Nbd2 h6 10.Qc2 Bh7 11.Bc3 e5 12.Qb2 d4 13.Nxd4 exd4 14.Bxd4 Re8 15.Nf3 Qe7
16.Rfe1 Rad8 17.a3 Ne5 18.Bc3 Neg4 19.e4 Bc5 20.d4 Bb6 21.h3 Nxf2 22.Kxf2 Nxe4+
23.Kg1 Qf6 24.Rxe4 Bxe4 25.c5 Bxf3 26.cxb6 Bxg2 27.Kxg2 Re3 28.Rf1 Qg6 29.g4 Qe4+
30.Kg1 Re2  0-1

[Event "ch-CZE"]
[Site "Ostrava CZE"]
[Date "2010.05.06"]
[Round "6"]
[White "Mudrak,J"]
[Black "Danes,J"]
[Result "1-0"]
[WhiteElo "2368"]
[BlackElo "2261"]

1.Nf3 d5 2.c4 c6 3.b3 Nf6 4.g3 Bf5 5.Bg2 e6 6.O-O Nbd7 7.Bb2 h6 8.d3 Be7
9.Nbd2 O-O 10.h3 Bh7 11.a3 a5 12.Re1 Re8 13.Bc3 b5 14.cxb5 cxb5 15.b4 a4
16.Qc2 Bd6 17.Qa2 e5 18.Nf1 Rc8 19.Rac1 Bf5 20.Qb2 d4 21.Bd2 Qb6 22.e3 Bxd3
23.exd4 e4 24.N3h2 Rxc1 25.Rxc1 Nd5 26.Ng4 h5 27.Nge3 N5f6 28.Nf5 Bb8 29.N1e3 g6
30.Nh4 Qe6 31.Rc3 Ba7 32.d5 Qe5 33.Qc1 Bxe3 34.Bxe3 Nxd5 35.Rc6 Nxe3 36.Qxe3 Nf8
37.Kh2 Ne6 38.Rb6 Qd4 39.Rxe6 Rd8 40.Re8+ Kg7  1-0

[Event "ch-CZE"]
[Site "Ostrava CZE"]
[Date "2010.05.08"]
[Round "8"]
[White "Navara,D"]
[Black "Hracek,Z"]
[Result "1-0"]
[WhiteElo "2718"]
[BlackElo "2632"]

1.Nf3 d5 2.c4 e6 3.d4 Nf6 4.Nc3 Be7 5.Bg5 O-O 6.e3 h6 7.Bh4 b6 8.Bd3 Bb7
9.O-O Nbd7 10.Qe2 dxc4 11.Bxc4 Ne4 12.Bg3 Nxg3 13.hxg3 c5 14.Rfd1 Bxf3 15.gxf3 cxd4
16.exd4 Nf6 17.d5 exd5 18.Bxd5 Nxd5 19.Nxd5 Re8 20.f4 Bf8 21.Qf3 Rc8 22.Rd2 Qd6
23.Kg2 Qe6 24.Rh1 Rc5 25.f5 Qe4 26.Qxe4 Rxe4 27.f4 b5 28.Kf3 Re8 29.f6 g6
30.g4 a5 31.g5 h5 32.Rhh2 Bd6 33.Rhe2 Kf8 34.Ne7 Bb8 35.f5  1-0

[Event "ch-CZE"]
[Site "Ostrava CZE"]
[Date "2010.05.08"]
[Round "8"]
[White "Polak,T"]
[Black "Petr,Ma"]
[Result "1-0"]
[WhiteElo "2525"]
[BlackElo "2511"]

1.Nf3 d5 2.c4 e6 3.e3 Nf6 4.Nc3 Nbd7 5.Qc2 c6 6.b3 Bd6 7.Bb2 O-O 8.Rg1 Qe7
9.g4 Ba3 10.g5 Ne8 11.Bxa3 Qxa3 12.h4 f5 13.gxf6 Ndxf6 14.Ne5 Qd6 15.f4 d4
16.Ne4 Nxe4 17.Qxe4 Nf6 18.Qg2 Qe7 19.h5 Kh8 20.Bd3 Ng8 21.Qe4 Rf5 22.Qxd4 Rxh5
23.O-O-O Nf6 24.Rg2 c5 25.Qc3 Bd7 26.Rdg1 Rg8 27.Bg6 Be8 28.Bxh5 Bxh5 29.Rg5 Be8
30.d3 h6 31.R5g3 Nh5 32.Rh3 Qf6 33.Rgh1 Qf5 34.Kb2 Nf6 35.Rh4 b6 36.e4 Qh7
37.Nf3 Qg6 38.Rg1 Qf7 39.Rgh1 Rf8 40.Ne5 Qe7 41.Qc1 Ng8 42.Kc2 Kh7 43.Qg1 a6
44.R1h2 b5 45.Kc1 Qc7 46.Qe3 g5 47.Rg4 gxf4 48.Rxf4 Qxe5 49.Rxf8 Qa1+ 50.Kd2 Qxa2+
51.Ke1 Qxh2 52.Rxe8 Qh1+ 53.Kd2 Qg2+ 54.Kc1 b4 55.Rxe6 Qf1+ 56.Kd2 Qa1 57.Qxc5 Qc3+
58.Ke2 Qc2+ 59.Ke3 Qc1+ 60.Kd4 Qc3+ 61.Kd5 Qxd3+ 62.Qd4 Qg3 63.Qe5 Qxb3 64.Rxa6 Qe3
65.Rc6 Qd3+ 66.Kc5 Qe3+ 67.Kb5  1-0

[Event "ch-CZE"]
[Site "Ostrava CZE"]
[Date "2010.05.09"]
[Round "9"]
[White "Konopka,M"]
[Black "Zpevak,P"]
[Result "0-1"]
[WhiteElo "2458"]
[BlackElo "2401"]

1.Nf3 d5 2.c4 c6 3.d4 dxc4 4.e3 Be6 5.Qc2 b5 6.Ng5 Bd5 7.Nxh7 Nf6 8.Nxf6+ exf6
9.Nc3 Bb4 10.Bd2 Qd6 11.O-O-O O-O 12.e4 Be6 13.Be3 Na6 14.f4 Bxc3 15.bxc3 Rfe8
16.Re1 f5 17.e5 Qa3+ 18.Qb2 Qa5 19.a3 Nc7 20.Be2 Nd5 21.Kd2 Qc7 22.Bf3 a5
23.Ke2 Reb8 24.Bxd5 Bxd5 25.Kf2 Qe7 26.Ra1 Qh4+ 27.Kf1 b4 28.axb4 axb4 29.Rxa8 Rxa8
30.cxb4 c3 31.Qxc3 Ra2 32.Rg1 Qg4  0-1

[Event "ch-UKR"]
[Site "Alushta UKR"]
[Date "2010.05.11"]
[Round "9"]
[White "Burdalev,K"]
[Black "Berezka,A"]
[Result "1-0"]
[WhiteElo "2285"]
[BlackElo "2145"]

1.Nf3 d5 2.c4 c6 3.e3 Nf6 4.Nc3 Qb6 5.Qc2 e6 6.d4 Nbd7 7.Bd3 Be7 8.O-O O-O
9.b3 Re8 10.Bb2 Qd8 11.Rfd1 Bd6 12.e4 dxe4 13.Nxe4 Nxe4 14.Bxe4 Nf8 15.Ne5 Qc7
16.c5 Be7 17.Qe2 f6 18.Nc4 Bd7 19.b4 Red8 20.g3 Be8 21.Bc1 g5 22.Bf3 Bf7
23.Bb2 Kg7 24.a4 Be8 25.Bg4 Bf7 26.Bc3 a6 27.Nb6 Ra7 28.Re1 h6 29.Rad1 Re8
30.Qb2 Bd8 31.Re3 h5 32.Bh3 Bg6 33.Rde1 g4 34.Bg2 Qb8 35.Nc4 Be7 36.d5 cxd5
37.Bxd5 Bf7 38.Be4 Qc7 39.Nd6 Rd8 40.Nxf7 Kxf7 41.Bf5 Qc6 42.Qa2 Rd5 43.Be4  1-0

[Event "ch-Commonwealth"]
[Site "Delhi IND"]
[Date "2010.05.11"]
[Round "3"]
[White "Sriram,J"]
[Black "Hasan,Me"]
[Result "1-0"]
[WhiteElo "2507"]
[BlackElo "2287"]

1.Nf3 d5 2.c4 dxc4 3.Na3 Nf6 4.Nxc4 e6 5.g3 Be7 6.Bg2 O-O 7.O-O c5 8.b3 Nc6
9.Bb2 Bd7 10.Rc1 Rc8 11.Qc2 b5 12.Nce5 Qb6 13.Ng5 Nxe5 14.Bxe5 g6 15.Ba1 Ne8
16.h4 f6 17.Ne4 e5 18.f4 exf4 19.gxf4 Bf5 20.Qc3 Ng7 21.Ng3 Rfd8 22.Kh2 Qd6
23.d3 Ne6 24.Qd2 c4 25.bxc4 bxc4 26.Be4 Bg4 27.Qe3 cxd3 28.Rxc8 Rxc8 29.Bxd3 Qc5
30.Qe4 Qc6 31.f5 gxf5 32.Nxf5 Bd6+ 33.Nxd6 Qxd6+ 34.Kg2 f5 35.Qe5 Qxe5 36.Bxe5 Rc5
37.Bd6 Rc6 38.Bb8 Nd4 39.Kf2 a6 40.Ba7 Nb5 41.Be3 Nd6 42.Rb1 Ne4+ 43.Kg2 h5
44.a4 Kf7 45.a5 Ke6 46.Rb6 Rxb6 47.axb6 Nd6 48.Bxa6 Ke5 49.b7 Nxb7 50.Bxb7 Bxe2
51.Bf3 f4 52.Bc1 Bc4 53.Bxh5 Kf5 54.Bf3 Bb5 55.Ba3 Bc4 56.Be7 Bb5 57.Bd8 Bc4
58.Bb7 Be6 59.Kf3  1-0

[Event "ch-Commonwealth"]
[Site "Delhi IND"]
[Date "2010.05.12"]
[Round "5"]
[White "Suvrajit,S"]
[Black "Gusain,H"]
[Result "1-0"]
[WhiteElo "2380"]
[BlackElo "2159"]

1.Nf3 d5 2.c4 e6 3.d4 c6 4.Qc2 Nf6 5.e3 Be7 6.Nc3 O-O 7.Bd3 Nbd7 8.O-O b6
9.e4 dxe4 10.Nxe4 Bb7 11.Bf4 c5 12.Rad1 Nxe4 13.Bxe4 Bxe4 14.Qxe4 Nf6 15.Qe2 cxd4
16.Nxd4 Qc8 17.b3 Qb7 18.Rd3 Rfd8 19.Rfd1 Rd7 20.Nf5 Bf8 21.Rxd7 Nxd7 22.Nd6 Qc6
23.Qe4 Qxe4 24.Nxe4 Nc5 25.Nxc5 Bxc5 26.Rd7 Kf8 27.Kf1 a5 28.a4 Ke8 29.Rb7 Rd8
30.Bc7 Rd3 31.Rb8+ Ke7 32.Bxb6 Bb4 33.c5 Rc3 34.Rb7+ Ke8 35.Rc7 e5 36.c6 e4
37.g3 f5 38.Rc8+ Ke7 39.c7 Bd6 40.Bxa5 Rc2 41.Rg8  1-0

[Event "TCh-UKR Clubs"]
[Site "Alushta UKR"]
[Date "2010.05.14"]
[Round "3"]
[White "Sevostianov,P"]
[Black "Tukhaev,A"]
[Result "0-1"]
[WhiteElo "2245"]
[BlackElo "2534"]

1.Nf3 d5 2.c4 d4 3.b4 f6 4.Qa4+ c6 5.Bb2 e5 6.e3 dxe3 7.dxe3 Nh6 8.Nc3 Be6
9.Rd1 Nd7 10.Ne4 Nf7 11.Bc3 Be7 12.Qc2 O-O 13.Ng3 Nh6 14.Bd3 f5 15.Qb2 Qc7
16.Nxe5 Nxe5 17.Bxe5 Bxb4+ 18.Qxb4 Qxe5 19.O-O b6 20.Rfe1 c5 21.Qb1 Rad8
22.Be2 Nf7 23.Bd3 Nd6 24.Qc2 Rd7 25.f4 Qf6 26.Rc1 Rfd8 27.Rf1 g6 28.h3 Nb7
29.Rcd1 Na5 30.Be2 Rxd1 31.Rxd1 Rxd1+ 32.Qxd1 Nxc4 33.Bxc4 Bxc4 34.a3 Bf7
35.Qa4 Qe7 36.e4 fxe4 37.Nxe4 Bd5 38.Ng3 c4 39.Qb5 Bf7 40.f5 Qxa3 41.Qd7 Qxg3
42.Qd8+ Kg7 43.f6+ Kh6 44.Qf8+ Kg5 45.Qxf7 Qe1+ 46.Kh2 Qe5+ 47.Kg1 Qa1+ 48.Kh2 Qxf6
49.h4+ Kf5 50.g4+ Ke5 51.Qc7+ Kd4 52.Qd7+ Kc3 53.g5 Qf2+ 54.Kh3 Qe3+  0-1

[Event "BEL-VSF"]
[Site "Gent BEL"]
[Date "2010.05.15"]
[Round "6"]
[White "Docx,S"]
[Black "Draftian,A"]
[Result "0-1"]
[WhiteElo "2377"]
[BlackElo "2288"]

1.Nf3 d5 2.c4 e6 3.g3 f5 4.Bg2 Nf6 5.O-O c6 6.d3 Be7 7.Nc3 O-O 8.e4 fxe4
9.dxe4 dxc4 10.Qxd8 Rxd8 11.Ne5 b5 12.a4 b4 13.Na2 Nfd7 14.Nxc4 b3 15.Nc3 Ba6
16.Na5 Bxf1 17.Bxf1 Bb4 18.Nxb3 e5 19.Be3 Nf6 20.f3 Nbd7 21.Rc1 Rdb8 22.Na2 c5
23.g4 Kh8 24.g5 Nh5 25.Bb5 Rd8 26.Nxb4 cxb4 27.Bc6 Rac8 28.Bxa7 Nf4 29.Bb5 Rxc1+
30.Nxc1 Nf8 31.Be3 N8e6 32.h4 Nd4 33.Kf2 Rc8 34.Bxd4 exd4 35.Nb3 Rc2+ 36.Kg3 Nh5+
37.Kh3 d3 38.a5 Rxb2  0-1

[Event "TCh-UKR Clubs"]
[Site "Alushta UKR"]
[Date "2010.05.17"]
[Round "7"]
[White "Sevostianov,P"]
[Black "Kharchenko,B"]
[Result "0-1"]
[WhiteElo "2245"]
[BlackElo "2448"]

1.Nf3 d5 2.c4 dxc4 3.Qa4+ Nc6 4.Ne5 Qd6 5.Nxc6 Bd7 6.Qxc4 Bxc6 7.Nc3 e5 8.d3 f5
9.f4 Nf6 10.fxe5 Qxe5 11.Bf4 Qe7 12.h4 O-O-O 13.O-O-O Qc5 14.Qe6+ Kb8 15.Rh3 Re8
16.Qb3 Bd6 17.Bg5 Ng4 18.d4 Qb6 19.Qxb6 axb6 20.d5 Bd7 21.Rf3 Nh2 22.Rf2 Bg3
23.Rf3 Nxf3 24.exf3 h6 25.Bd2 Bxh4 26.d6 Bc6 27.b4 cxd6 28.b5 Bd7 29.Nd5 Bf2
30.Bc3 Rhg8 31.Kb2 Be6 32.Nf4 Bf7 33.Bd3 Bg3 34.Ne2 Be5 35.Bxf5 Bxc3+ 36.Nxc3 Re5
37.Be4 d5 38.Bd3 h5 39.Ne2 Bg6 40.Nd4 Bxd3 41.Rxd3 g5 42.Kc3 h4 43.Rd2 g4
44.fxg4 Rxg4 45.Rf2 Re3+ 46.Kd2 Ra3 47.Rf8+ Ka7 48.Ne6 Rxg2+ 49.Ke1 Raxa2
50.Nc7  0-1

[Event "Campomanes Mem IM"]
[Site "Ankara TUR"]
[Date "2010.05.17"]
[Round "2"]
[White "Marinkovic,I"]
[Black "Ozturk,Ku"]
[Result "1/2-1/2"]
[WhiteElo "2450"]
[BlackElo "2273"]

1.Nf3 d5 2.c4 dxc4 3.Qa4+ c6 4.Qxc4 Nf6 5.g3 g6 6.b3 Bg7 7.Bb2 O-O 8.Bg2 b5
9.Qc2 Bb7 10.O-O Nbd7 11.a4 Rc8 12.Rc1 a6 13.d3  1/2-1/2

[Event "Municipality Cup"]
[Site "Tbilisi GEO"]
[Date "2010.05.18"]
[Round "4"]
[White "Nigalidze,G"]
[Black "Batsiashvili,N"]
[Result "0-1"]
[WhiteElo "2489"]
[BlackElo "2325"]

1.Nf3 d5 2.c4 e6 3.d4 Nf6 4.Nc3 Bb4 5.Qa4+ Nc6 6.Ne5 Bd7 7.Nxc6 Bxc3+ 8.bxc3 Bxc6
9.Qb4 a5 10.Qb3 a4 11.Qb4 dxc4 12.Qxc4 O-O 13.f3 Ra5 14.e4 Nxe4 15.fxe4 Qh4+
16.Kd1 Bxe4 17.Be3 c5 18.Qe2 Qd8 19.Ke1 cxd4 20.cxd4 Rd5 21.h4 f5 22.Rd1 Qd6
23.Rh3 Rc8 24.g3 b5 25.Bg2 Bxg2 26.Qxg2 e5 27.Rh2 exd4 28.Bf4 Qd7 29.Qf3 d3
30.Rhd2 Rc3 31.Kf2 h6 32.Qe3 b4 33.Qb6 Rc4 34.Qa6 Rc3 35.Re1 b3 36.axb3 axb3
37.Qg6 Rc8 38.Re6 b2 39.Rb6 Rb5 40.Rxb5 Qxb5 41.Bxh6 Rc7 42.Bxg7 Rxg7 43.Qe6+ Kh7
44.Rd1 d2  0-1

[Event "Municipality Cup"]
[Site "Tbilisi GEO"]
[Date "2010.05.18"]
[Round "4"]
[White "Pantsulaia,L"]
[Black "Supatashvili,K"]
[Result "1-0"]
[WhiteElo "2587"]
[BlackElo "2461"]

1.Nf3 d5 2.c4 c6 3.g3 g6 4.Bg2 Bg7 5.d4 Nf6 6.Qb3 O-O 7.O-O Qb6 8.Nc3 Bf5
9.Re1 Na6 10.Qxb6 axb6 11.cxd5 cxd5 12.Bg5 Nb4 13.Red1 Rfd8 14.Ne1 Be6 15.e3 h6
16.Bxf6 Bxf6 17.a3 Nc6 18.h3 g5 19.Nd3 Bg7 20.g4 f6 21.Nb4 Ra5 22.Rac1 Nxb4
23.axb4 Raa8 24.Ra1 Rab8 25.Ra7 Bf7 26.Rc1 Rdc8 27.Raa1 e6 28.Na4 Rc6 29.b5 Rd6
30.Rc7 Be8 31.Bf1 e5 32.dxe5 fxe5 33.Rac1 Bg6 34.Rc8+ Rxc8 35.Rxc8+ Kh7 36.Rc7 d4
37.Rxb7 d3 38.Rxb6 Rxb6 39.Nxb6 d2 40.Be2 Bc2 41.Nc4 d1=Q+ 42.Bxd1 Bxd1 43.b6 Bf3
44.e4 Bxe4 45.Nd6 Bf3 46.b7 Bxb7 47.Nxb7 e4 48.b4  1-0

[Event "4th All China Games Rapid"]
[Site "Hefei CHN"]
[Date "2010.05.19"]
[Round "9"]
[White "Zhao Xue"]
[Black "Li Wenliang"]
[Result "1-0"]
[WhiteElo "2493"]
[BlackElo "2441"]

1.Nf3 d5 2.c4 e6 3.g3 Nf6 4.Bg2 dxc4 5.Qa4+ Nbd7 6.O-O a6 7.Qxc4 b5 8.Qc2 Bb7
9.b3 c5 10.Bb2 Be7 11.d3 O-O 12.Nbd2 Rc8 13.Rac1 Nd5 14.Qb1 Bf6 15.Ne4 Bxb2
16.Qxb2 Qe7 17.Ne5 Nxe5 18.Qxe5 Rfd8 19.Nc3 Nf6 20.Nb1 Bxg2 21.Kxg2 Qb7+
22.Kg1 Nd7 23.Qe3 Rc7 24.Nd2 Rdc8 25.Rc2 h6 26.Rfc1 Qd5 27.Qe4 Nf6 28.Qf4 Rc6
29.Nf3 Nd7 30.Qe3 e5 31.Nd2 Nf6 32.Qf3 Qxf3 33.Nxf3 Nd7 34.g4 Kf8 35.Kg2 g6
36.h3 Ke7 37.Nd2 f5 38.Kf3 Nf8 39.e3 Ne6 40.Ke2 R6c7 41.Ra1 Rd8 42.Nf3 Kf6
43.a4 Rcd7 44.axb5 axb5 45.Ne1 e4 46.dxe4 fxe4 47.Ra5 b4 48.Rc4 Rd2+ 49.Kf1 Ng5
50.Kg2 Re2 51.h4 Rxe1 52.hxg5+ hxg5 53.Raxc5 Rb8 54.Rc6+ Kg7 55.Rxe4 Rb1
56.Ree6 Rxb3 57.Rxg6+ Kf7 58.Rxg5 Ra3 59.Rc2  1-0

[Event "Campomanes Mem WIM"]
[Site "Ankara TUR"]
[Date "2010.05.20"]
[Round "7"]
[White "Sulejmanova,A"]
[Black "Sop,S"]
[Result "1-0"]
[WhiteElo "2218"]
[BlackElo "1963"]

1.Nf3 d5 2.c4 e6 3.b3 Nf6 4.g3 Be7 5.Bg2 O-O 6.Bb2 a5 7.d3 a4 8.a3 axb3 9.Qxb3 Nbd7
10.O-O c6 11.Nbd2 Re8 12.Qc2 Bf8 13.Rfc1 Nc5 14.a4 Na6 15.Bc3 c5 16.e3 Nb4
17.Bxb4 cxb4 18.d4 dxc4 19.Nxc4 Nd5 20.Nfe5 f6 21.Be4 fxe5 22.Bxh7+ Kh8 23.Nxe5 Qf6
24.Bg6 Re7 25.Qe2 Qg5 26.h4 Qh6 27.Kg2 b6 28.e4 Nc3 29.Qf3 Ba6 30.Rc2 Rc7
31.g4 Kg8 32.g5 Qxh4 33.Bf7+ Rxf7 34.Qxf7+ Kh7 35.Qg6+ Kg8 36.Qxe6+ Kh7 37.g6+ Kh6
38.Nf7+ Kh5 39.Qf5+  1-0

[Event "Campomanes Mem IM"]
[Site "Ankara TUR"]
[Date "2010.05.21"]
[Round "10"]
[White "Marinkovic,I"]
[Black "Kerigan,D"]
[Result "0-1"]
[WhiteElo "2450"]
[BlackElo "2126"]

1.Nf3 d5 2.c4 c6 3.Qa4 dxc4 4.Qxc4 Nf6 5.g3 Nbd7 6.Bg2 e5 7.O-O Bd6 8.d3 O-O
9.Nbd2 h6 10.Qc2 Re8 11.Rb1 a5 12.b3 Nb6 13.e4 Qe7 14.d4 exd4 15.Nxd4 a4
16.bxa4 Nxa4 17.Nc4 Bc5 18.Nf5 Bxf5 19.exf5 Ng4 20.Bf3 Nxf2 21.Kg2 Ra6 22.a3 h5
23.Rxf2 Bxf2 24.Qxf2 b5 25.Nd2 Nc5 26.f6 Qd6 27.Nb3 Nd3 28.Qd2 Ne1+ 29.Kf2 Qxf6
30.Qd1 h4 31.Nc5 Ra7 32.Bb2 hxg3+ 33.hxg3 Qh6 34.Ne4 Nxf3 35.Kxf3 Rae7 36.Nf2 Re3+
37.Kg2 Qg6 38.g4 Re2 39.Qd4 c5 40.Qc3 Qe4+  0-1

[Event "I Tancat w"]
[Site "Sabadell ESP"]
[Date "2010.05.21"]
[Round "8"]
[White "Pares Vives,N"]
[Black "Grigoryan,Meri"]
[Result "1-0"]
[WhiteElo "2259"]
[BlackElo "2121"]

1.Nf3 d5 2.c4 c6 3.g3 Nf6 4.Bg2 Bf5 5.O-O e6 6.d4 Nbd7 7.Nc3 dxc4 8.a4 Bb4
9.Nd2 Nd5 10.e4 Nxc3 11.bxc3 Bxc3 12.Nxc4 Bxa1 13.Nd6+ Kf8 14.Ba3 c5 15.Nxb7 Qc8
16.exf5 Rb8 17.fxe6 fxe6 18.Qf3+ Kg8 19.Rxa1 cxd4 20.Rc1 Qe8 21.Nd6 Qg6 22.Nc8 Qf6
23.Qc6  1-0

[Event "Municipality Cup"]
[Site "Tbilisi GEO"]
[Date "2010.05.23"]
[Round "9"]
[White "Mamedjarova,Z"]
[Black "Gevorgyan,M"]
[Result "1-0"]
[WhiteElo "2269"]
[BlackElo "1939"]

1.Nf3 d5 2.c4 e6 3.b3 Nf6 4.Bb2 b6 5.g3 Bb7 6.Bg2 c5 7.O-O d4 8.e3 Nc6 9.exd4 Nxd4
10.Nxd4 Bxg2 11.Nxe6 fxe6 12.Kxg2 Qd7 13.Bxf6 gxf6 14.Qh5+ Qf7 15.Qf3 Rd8
16.Re1 Bh6 17.Qc6+ Ke7 18.Nc3 Bxd2 19.Rad1 Rhe8 20.Nd5+ Rxd5 21.Qxd5 Rd8
22.Qf3 Qg6 23.Re2 Qh6 24.Qe4 f5 25.Qxf5 Be3 26.Qc2 Bd4 27.Rde1 e5 28.Qe4 Rf8
29.Qb7+ Kd8 30.f4 Qg6 31.Qb8+ Ke7 32.Rxe5+ Kf7 33.Qxa7+ Kg8 34.Rg5  1-0

[Event "Six Seasons WIM"]
[Site "Narayanganj BAN"]
[Date "2010.05.26"]
[Round "6"]
[White "Enkhtuul,A"]
[Black "Dutta,J"]
[Result "0-1"]
[WhiteElo "2133"]
[BlackElo "2341"]

1.Nf3 d5 2.c4 c6 3.b3 Bg4 4.Ne5 Bh5 5.d4 e6 6.Qd3 Nd7 7.Nxd7 Bg6 8.Qd1 Qxd7
9.e3 Nf6 10.Be2 Bb4+ 11.Bd2 Bd6 12.Nc3 Qe7 13.c5 Bc7 14.f4 Ba5 15.Bf3 Bd3
16.Ne2 Bc7 17.Bc3 Ba6 18.Qd2 Ne4 19.Bxe4 dxe4 20.Ng3 f5 21.h4 Rd8 22.Qb2 Rd5
23.Qa3 g6 24.O-O-O Rg8 25.Rh3 Qd8 26.b4 Qc8 27.Qb3 b6 28.Kb1 h5 29.Ka1 bxc5
30.bxc5 Bb5 31.Rd2 Qa6 32.Rh1 Kf7 33.Rb1 Bd8 34.a4 Bxh4 35.Ra2 Bc4 36.Qb7+ Be7
37.Qxa6 Bxa6 38.Rab2 Rd7 39.Ba5 g5 40.Nxh5 Rh8 41.Ng3 gxf4 42.exf4 Rxd4 43.Ra2 Rd3
44.Bc7 Bf6+ 45.Be5 Rxg3 46.Rd2 Bxe5+ 47.fxe5 Ra3+ 48.Kb2 Rd3 49.Kc2 Rxd2+
50.Kxd2 f4 51.Rb4 e3+ 52.Kc3 e2 53.Rxf4+ Ke7 54.Re4 Rh1 55.Kd2 Rd1+ 56.Kc3 e1=Q+
57.Rxe1 Rxe1 58.Kb4 Rxe5 59.g4 Be2 60.g5 Rxg5 61.a5 Rxc5 62.Kxc5 Bb5 63.a6 Kd7
64.Kb4 Bxa6  0-1

[Event "Six Seasons WIM"]
[Site "Narayanganj BAN"]
[Date "2010.05.27"]
[Round "7"]
[White "Dutta,J"]
[Black "Sultana,S"]
[Result "1-0"]
[WhiteElo "2341"]
[BlackElo "1980"]

1.Nf3 d5 2.c4 c6 3.e3 Nf6 4.Nc3 g6 5.Be2 Bg7 6.O-O O-O 7.d4 a6 8.a4 Re8 9.Qb3 e6
10.Bd2 Ne4 11.Rfd1 Nd7 12.Be1 Rb8 13.Nxe4 dxe4 14.Nd2 e5 15.dxe5 Bxe5 16.Nxe4 Bxh2+
17.Kxh2 Rxe4 18.Qd3 Qe7 19.Qd6 Re6 20.Qc7 Ra8 21.Kg1 c5 22.Bf3 Nb6 23.Rd8+ Kg7
24.Bc3+ f6 25.Qxe7+ Rxe7 26.Rd6 Nd7 27.Bd5 Rb8 28.e4 Ne5 29.f4 Ng4 30.a5 Bd7
31.Rb6 Bc8 32.Re1 Ra8 33.e5 f5 34.e6+ Nf6 35.Be5 Ra7 36.Bb8 Ra8 37.Bd6 Re8
38.Bxc5 Kh6 39.Bd4 Nxd5 40.cxd5 Bd7 41.Rxb7 Bb5 42.Bf6 Rac8 43.Bg5+ Kh5 44.Rxh7+ Kg4
45.Rh4+  1-0